000 01544nam a22003494a 4500
001 ebr5006320
003 CaPaEBR
006 m u
007 cr cn|||||||||
008 010227s2001 enk sb 001 0 eng
010 _z 2001025464
020 _z0521801028 (hardback)
040 _aCaPaEBR
_cCaPaEBR
035 _a(OCoLC)51029114
050 1 4 _aPQ6066
_b.F83 2001eb
082 0 4 _a860.9/12
_221
100 1 _aFuchs, Barbara,
_d1970-
245 1 0 _aMimesis and empire
_h[electronic resource] :
_bthe new world, Islam, and European identities /
_cBarbara Fuchs.
260 _aCambridge, UK ;
_aNew York, NY :
_bCambridge University Press,
_c2001.
300 _axiii, 211 p.
490 1 _aCambridge studies in Renaissance literature and culture ;
_v40
504 _aIncludes bibliographical references (p. 196-205) and index.
533 _aElectronic reproduction.
_bPalo Alto, Calif. :
_cebrary,
_d2013.
_nAvailable via World Wide Web.
_nAccess may be limited to ebrary affiliated libraries.
650 0 _aSpanish literature
_yClassical period, 1500-1700
_xHistory and criticism.
650 0 _aSpanish American literature
_yTo 1800
_xHistory and criticism.
650 0 _aMimesis in literature.
650 0 _aDifference (Psychology) in literature.
655 7 _aElectronic books.
_2local
710 2 _aebrary, Inc.
830 0 _aCambridge studies in Renaissance literature and culture ;
_v40.
856 4 0 _uhttp://site.ebrary.com/lib/rucke/Doc?id=5006320
_zAn electronic book accessible through the World Wide Web; click to view
999 _c6228
_d6228